Sant Feliu Sasserra en imatges /
Descripción Física:
168 pàg. ; il. b/n ; 24 cm.
Materias:
Sant Feliu Sasserra (Catalunya) -- Llibres de làmines -- Història
; Sant Feliu Sasserra (Catalunya) -- Llibres de làmines -- Vida social i costums
Idioma:
Catalán
MARC
| LEADER | 00000nam a22000007a 4500 | ||
|---|---|---|---|
| 001 | 26858 | ||
| 003 | Arxiu | ||
| 005 | 20260324181142.0 | ||
| 008 | 221011b spa||||| |||| 00| 0 cat d | ||
| 040 | |a agdb | ||
| 100 | |a Boixader i Torrescasana, Maria Carme |9 54477 | ||
| 245 | |a Sant Feliu Sasserra en imatges / |c Tria de les imatges i redacció del text: Maria Carme Boixader i Torrescasana, Bernat Puigdollers i Vidal i Josep Romero Beltran | ||
| 250 | |a Primera edició | ||
| 260 | |a Prats de Lluçanès : |b Ajuntament de Sant Feliu Sasserra : |b Editorial Cal Siller ; |c març 2022 | ||
| 300 | |a 168 pàg. ; |b il. b/n ; |c 24 cm. | ||
| 650 | 0 | |a Sant Feliu Sasserra (Catalunya) |v Llibres de làmines |x Història | |
| 650 | 0 | |a Sant Feliu Sasserra (Catalunya) |v Llibres de làmines |x Vida social i costums | |
| 700 | 1 | |a Puigdollers, Bernat, |d 1991- |9 54478 | |
| 700 | |9 11634 |a Romero i Beltran, Josep | ||
| 942 | |2 udc |c ARXIU |n 1 | ||
| 952 | |0 0 |1 0 |2 udc |4 0 |6 BIB976 |7 1 |9 63972 |a Arxiu |b Arxiu |d 2022-10-11 |l 0 |o Bib-976 |p 26858 |r 2022-10-11 00:00:00 |w 2022-10-11 |y ARXIU | ||
| 999 | |c 82691 |d 82691 | ||